| 000 | 00520nam a2200181Ia 4500 | ||
|---|---|---|---|
| 999 |
_c34288 _d34288 |
||
| 003 | OSt | ||
| 005 | 20200904113301.0 | ||
| 008 | 190216s9999||||xx |||||||||||||| ||und|| | ||
| 020 | _a9788130913148 | ||
| 040 | _coclc | ||
| 082 |
_a530.12 _bTOW/M |
||
| 100 |
_aTownsend, John S _94434 |
||
| 245 | 2 |
_aA Modern Approach To Quantum Mechanics / _cJohn S Townsend |
|
| 260 |
_bViva Books, _c2010. _aNew Delhi: |
||
| 300 | _a476p | ||
| 650 | _aPhysics | ||
| 942 |
_cBK _2ddc _h530.12 _iTOW/M _k530.12 _mTOW/M |
||